[Event "XXVIII Memorial Edoardo Crespi B"]
[Site "Milano ITA"]
[Date "2007.12.07"]
[Round "2"]
[White "D'Aulisa, Francesco"]
[Black "Cervesato, Ivan"]
[Result "1/2-1/2"]
[WhiteElo "1852"]
[BlackElo "1667"]
[PlyCount "79"]
[EventDate "2007.12.06"]

1. e4 c6 2. Nf3 d5 3. exd5 cxd5 4. d4 Nf6 5. h3 g6 6. Bd3 Bg7 7. Be3 O-O 8. Qc1
Re8 9. O-O b6 10. Nbd2 Ba6 11. c4 dxc4 12. Bxc4 Bxc4 13. Qxc4 Nbd7 14. Rac1 Rc8
15. Qe2 Nd5 16. a3 e5 17. dxe5 Nxe5 18. Nxe5 Bxe5 19. Nf3 Bf4 20. Rcd1 Rc5 21.
Rd3 Qa8 22. Qd2 Nxe3 23. fxe3 Bg3 24. Rd4 Rec8 25. Rg4 Qb8 26. Ng5 h5 27. Nxf7
hxg4 28. Qd4 Be5 29. Qxg4 Kg7 30. Qh4 Bh2+ 31. Kh1 Rh5 32. Qe7 Rc7 33. Qf6+ Kh7
34. Ng5+ Rxg5 35. Qxg5 Rg7 36. Rd1 Bc7 37. Qh4+ Kg8 38. Qc4+ Rf7 39. Rd7 Qf8
40. Rxc7 1/2-1/2

[Event "XXVIII Memorial Edoardo Crespi B"]
[Site "Milano ITA"]
[Date "2007.12.07"]
[Round "2"]
[White "Delledonne, Francesco"]
[Black "Costanza, Calogero"]
[Result "1-0"]
[WhiteElo "1837"]
[BlackElo "1655"]
[PlyCount "109"]
[EventDate "2007.12.06"]

1. e4 c5 2. Nf3 d6 3. d4 cxd4 4. Nxd4 Nf6 5. Nc3 a6 6. f3 e5 7. Nb3 Be6 8. Be3
Be7 9. Qd2 O-O 10. O-O-O h6 11. g4 Ne8 12. Kb1 Nc6 13. Qf2 b5 14. h4 Qb8 15. g5
h5 16. f4 exf4 17. Bxf4 Ne5 18. Bxe5 dxe5 19. Be2 g6 20. Bf3 a5 21. Nd5 Bxd5
22. exd5 Qd6 23. Qe2 a4 24. Nc1 Rb8 25. Rhg1 Ng7 26. Rdf1 f6 27. gxf6 Rxf6 28.
Be4 Rb6 29. Rg5 Qc5 30. Rfg1 Rf2 31. Qe1 Bxg5 32. Rxg5 Rff6 33. Nd3 Qf8 34. Rg1
b4 35. Nxe5 Rbd6 36. Nc4 Ra6 37. Bd3 Ra7 38. Qd2 Raf7 39. Ne5 Qc5 40. Re1 Rf2
41. Qg5 R7f6 42. Nd7 Qd6 43. Nxf6+ Rxf6 44. Qe5 Qf8 45. Qe7 Kh7 46. Qxf8 Rxf8
47. Re4 Rd8 48. Rd4 Ne6 49. dxe6 Rxd4 50. e7 Rxh4 51. Kc1 Rh1+ 52. Kd2 Rh2+ 53.
Be2 b3 54. axb3 axb3 55. cxb3 1-0

[Event "XXVIII Memorial Edoardo Crespi B"]
[Site "Milano ITA"]
[Date "2007.12.07"]
[Round "2"]
[White "Epitome, Nando"]
[Black "Tassini, Marco"]
[Result "0-1"]
[WhiteElo "1673"]
[BlackElo "1885"]
[PlyCount "73"]
[EventDate "2007.12.06"]

1. d4 Nf6 2. c4 c5 3. d5 e6 4. Nc3 exd5 5. cxd5 d6 6. e4 g6 7. Nf3 Bg7 8. Bd3
O-O 9. O-O a6 10. a4 Nbd7 11. Bf4 Qc7 12. h3 b6 13. Re1 Re8 14. Re3 Nh5 15. Bh2
Bh6 16. Re1 Nf4 17. Bc4 Qd8 18. Bf1 Ne5 19. Nxe5 Rxe5 20. Qf3 Qf6 21. Kh1 Kg7
22. Ne2 g5 23. Rab1 Bd7 24. b3 Rae8 25. Ng3 Kg6 26. Bxa6 Nxd5 27. Qh5+ Kg7 28.
Qe2 g4 29. Nh5+ Rxh5 30. hxg4 Rxh2+ 31. Kxh2 Qh4+ 32. Kg1 Nf6 33. f3 Bf4 34.
Red1 Bg3 35. Qd3 Qh2+ 36. Kf1 Qh1+ 37. Ke2 0-1

[Event "XXVIII Memorial Edoardo Crespi B"]
[Site "Milano ITA"]
[Date "2007.12.07"]
[Round "2"]
[White "Falsetti, Paolo"]
[Black "Manca, Renato"]
[Result "0-1"]
[WhiteElo "1551"]
[BlackElo "1843"]
[PlyCount "65"]
[EventDate "2007.12.06"]

1. d4 Nf6 2. c4 e5 3. dxe5 Ne4 4. Nf3 Bc5 5. e3 f5 6. Bd3 Bb4+ 7. Ke2 d6 8. a3
Ba5 9. b4 Bb6 10. Qc2 O-O 11. Bxe4 fxe4 12. Qxe4 Be6 13. Rd1 Qe7 14. exd6 cxd6
15. Ng5 Qxg5 16. Qxe6+ Kh8 17. Qxd6 Nc6 18. c5 Qg4+ 19. Ke1 Rad8 20. f3 Qxg2
21. Qxf8+ Rxf8 22. f4 Bd8 23. Rd7 Bh4+ 24. Kd1 Qg4+ 25. Kc2 Qxd7 26. Nc3 Bf6
27. Ra2 Bxc3 28. Kxc3 Qe6 29. Rg2 Ne7 30. Rf2 Nd5+ 31. Kd3 Rd8 32. Ke2 Nc3+ 33.
Kf3 0-1

[Event "XXVIII Memorial Edoardo Crespi B"]
[Site "Milano ITA"]
[Date "2007.12.07"]
[Round "2"]
[White "Fiorelli, Paolo"]
[Black "Bondi', Fabio"]
[Result "0-1"]
[WhiteElo "1500"]
[BlackElo "1820"]
[PlyCount "111"]
[EventDate "2007.12.06"]

1. d4 d5 2. c4 c6 3. e3 Nf6 4. Nc3 e6 5. Nf3 Nbd7 6. Bd3 dxc4 7. Bxc4 b5 8. Bd3
a6 9. O-O Bb7 10. e4 c5 11. dxc5 Nxc5 12. e5 Qxd3 13. exf6 Qxd1 14. Rxd1 gxf6
15. Nd4 Rg8 16. f3 Rd8 17. Be3 Be7 18. b4 Nd7 19. a3 Ne5 20. Nb3 Rxd1+ 21. Rxd1
Bxf3 22. Rd2 Nc4 23. Rf2 Nxe3 24. Rxf3 Nc4 25. Nc5 Bxc5+ 26. bxc5 f5 27. Ne2
Ke7 28. Nd4 Rc8 29. c6 Kd6 30. Rd3 Kc7 31. Rh3 Rd8 32. Rd3 Ne5 33. Re3 Rxd4 34.
Rxe5 Kxc6 35. Re3 Kd5 36. Rh3 Ra4 37. Rxh7 Rxa3 38. Rxf7 b4 39. h4 Rg3 40. h5
Rg8 41. h6 Kc4 42. h7 Rh8 43. Rc7+ Kb3 44. Kf1 Kb2 45. Ke2 b3 46. Kd3 a5 47.
Kc4 Ka2 48. Kc3 Ka3 49. Ra7 Rc8+ 50. Kd4 a4 51. Rg7 Rh8 52. Rc7 Kb2 53. Kd3 a3
54. Kc4 a2 55. Rb7 Rc8+ 56. Kd3 0-1

[Event "XXVIII Memorial Edoardo Crespi B"]
[Site "Milano ITA"]
[Date "2007.12.07"]
[Round "2"]
[White "Fizzotti, Mario"]
[Black "Albrizio, Mauro"]
[Result "1-0"]
[WhiteElo "1843"]
[BlackElo "1692"]
[PlyCount "93"]
[EventDate "2007.12.06"]

1. c4 e6 2. Nc3 Nf6 3. Nf3 d5 4. e3 Nbd7 5. d4 c6 6. cxd5 exd5 7. Bd3 Bd6 8.
O-O O-O 9. a3 a5 10. Rb1 Re8 11. b4 axb4 12. axb4 Ne4 13. Qc2 Ndf6 14. Nd2 Qe7
15. b5 Bd7 16. Na4 Qd8 17. f3 Nxd2 18. Bxd2 Rc8 19. b6 Qe7 20. Nc5 Bxc5 21.
Qxc5 Qxc5 22. dxc5 Rcd8 23. Kf2 Bc8 24. Bc3 Nd7 25. Bd4 f6 26. Ra1 Ne5 27. Be2
Bf5 28. Ra3 Nc4 29. Rc3 Ne5 30. g4 Bg6 31. h4 Nc4 32. Ra1 Rd7 33. Bxc4 dxc4 34.
Rxc4 Bd3 35. Rca4 Ba6 36. g5 f5 37. h5 Kf7 38. Rg1 Red8 39. f4 Re8 40. g6+ Kg8
41. gxh7+ Kxh7 42. Rg5 Bd3 43. Ra1 Kh6 44. Rag1 Rg8 45. Rg6+ Kh7 46. h6 Bc4 47.
hxg7 1-0

[Event "XXVIII Memorial Edoardo Crespi B"]
[Site "Milano ITA"]
[Date "2007.12.07"]
[Round "2"]
[White "Gavioli, Fabrizio"]
[Black "Nepi, Ezio"]
[Result "0-1"]
[WhiteElo "1592"]
[BlackElo "1851"]
[PlyCount "82"]
[EventDate "2007.12.06"]

1. e4 e6 2. d3 d5 3. Nd2 b6 4. g3 c5 5. Bg2 Ba6 6. exd5 exd5 7. Qe2+ Be7 8.
Ngf3 Nf6 9. O-O O-O 10. Re1 Re8 11. Nf1 Nc6 12. Bd2 Bd6 13. Qd1 Rxe1 14. Qxe1
Qd7 15. Bg5 Re8 16. Qd2 Be7 17. a3 h6 18. Bxh6 gxh6 19. Qxh6 Nh7 20. Bh3 Qd6
21. Qxd6 Bxd6 22. Bd7 Rc8 23. Bxc8 Bxc8 24. Re1 Kf8 25. h4 Bg4 26. N1h2 Be6 27.
Nf1 Nf6 28. Ne3 Ng4 29. Ng5 Nge5 30. Kg2 Bc8 31. Nxd5 Bb7 32. Ne3 Nd4+ 33. Ne4
f5 34. Nxf5 Nxf5 35. f3 Bc7 36. h5 Nd4 37. f4 Nxc2 38. Re2 Nxd3 39. Kh3 Nd4 40.
Re3 Bxe4 41. Rxe4 Nf2+ 0-1

[Event "XXVIII Memorial Edoardo Crespi B"]
[Site "Milano ITA"]
[Date "2007.12.07"]
[Round "2"]
[White "Giovannini, Roberto"]
[Black "Dogic, Mirhad"]
[Result "1/2-1/2"]
[WhiteElo "2013"]
[BlackElo "1759"]
[PlyCount "125"]
[EventDate "2007.12.06"]

1. g3 g6 2. Nf3 Bg7 3. Bg2 Nf6 4. d3 O-O 5. O-O c6 6. Nbd2 d6 7. Qe1 Nbd7 8. c3
e5 9. e4 Nc5 10. Qe2 b6 11. b3 Bg4 12. d4 exd4 13. cxd4 Ncd7 14. Qd3 Rb8 15.
Nc4 d5 16. Nd6 dxe4 17. Nxe4 Nd5 18. Rb1 Bf5 19. Nh4 Be6 20. Bd2 N7f6 21. Rbc1
Qd7 22. Ng5 Bf5 23. Nxf5 gxf5 24. Bh3 Ne7 25. Bb4 c5 26. Bc3 Ng4 27. Bxg4 h6
28. Bxf5 Nxf5 29. g4 hxg5 30. Qxf5 Qxf5 31. gxf5 f6 32. dxc5 bxc5 33. Rcd1 Rf7
34. Rd5 Bf8 35. Rfd1 Rbb7 36. R1d3 Kg7 37. Bb2 c4 38. Rg3 Kh7 39. Bd4 cxb3 40.
axb3 Rbc7 41. Kg2 Rc6 42. Ra5 a6 43. Rd5 Rd6 44. Rh3+ Kg7 45. Rxd6 Bxd6 46. Re3
Rd7 47. h3 Be7 48. Bc3 Kf7 49. Re6 Rd3 50. Be1 Rxb3 51. Rxa6 Rb5 52. Ra5 Rb1
53. Bc3 Rb3 54. Bd2 Rd3 55. Be3 Rd7 56. Kf3 Kg7 57. Bc5 Rd3+ 58. Kg2 Rd7 59.
Bxe7 Rxe7 60. Kg3 Re4 61. Ra7+ Kf8 62. Ra6 Kg7 63. Ra7+ 1/2-1/2

[Event "XXVIII Memorial Edoardo Crespi B"]
[Site "Milano ITA"]
[Date "2007.12.07"]
[Round "2"]
[White "Guerra, Efrain"]
[Black "Acunzo, Domenico"]
[Result "1-0"]
[WhiteElo "1900"]
[BlackElo "1775"]
[PlyCount "127"]
[EventDate "2007.12.06"]

1. Nf3 d5 2. c4 e6 3. g3 Bd6 4. Bg2 c6 5. b3 Qe7 6. Bb2 f5 7. O-O Nf6 8. d3 O-O
9. Nbd2 f4 10. e4 fxe3 11. fxe3 Ng4 12. Qe2 e5 13. Nh4 Qg5 14. Rxf8+ Bxf8 15.
Re1 Be6 16. Ndf3 Qh5 17. h3 Nf6 18. Nxe5 Qxe2 19. Rxe2 dxc4 20. bxc4 Na6 21. g4
Bd6 22. Nf5 Bxf5 23. gxf5 Re8 24. Ng4 Nxg4 25. hxg4 Nb4 26. Be4 Bb8 27. Bc3 Na6
28. Kf2 Nc5 29. Kf3 Nd7 30. d4 Nf6 31. Bd3 a6 32. e4 b5 33. a4 c5 34. cxb5 cxd4
35. Bxd4 axb5 36. Bxb5 Rc8 37. Re3 h5 38. gxh5 Nxh5 39. Rc3 Rd8 40. Bc4+ Kh7
41. Bd5 Nf4 42. Rb3 Nxd5 43. exd5 Bd6 44. Rb7 Bf8 45. Ke4 Re8+ 46. Kd3 Kh6 47.
f6 gxf6 48. Rf7 Bg7 49. Bxf6 Bxf6 50. Rxf6+ Kg5 51. Rf1 Ra8 52. Kd4 Rxa4+ 53.
Ke5 Ra2 54. Rg1+ Kh4 55. Ke6 Re2+ 56. Kd7 Rd2 57. d6 Kh5 58. Ke7 Re2+ 59. Kd8
Kh6 60. d7 Kh7 61. Rg5 Re3 62. Kc7 Rc3+ 63. Kd6 Kh6 64. d8=Q 1-0

[Event "XXVIII Memorial Edoardo Crespi B"]
[Site "Milano ITA"]
[Date "2007.12.07"]
[Round "2"]
[White "Landais, Federico"]
[Black "Raineri, Pieroberto"]
[Result "1-0"]
[WhiteElo "1795"]
[BlackElo "1614"]
[PlyCount "109"]
[EventDate "2007.12.06"]

1. g3 Nf6 2. Bg2 g6 3. e4 d6 4. Nc3 c5 5. Nge2 Bg7 6. d3 O-O 7. f3 Nc6 8. Be3
Bd7 9. Qd2 Re8 10. g4 e6 11. Bh6 Nxe4 12. Nxe4 Qh4+ 13. N2g3 Bxh6 14. g5 Bg7
15. O-O-O b6 16. Nf6+ Bxf6 17. gxf6 Qxf6 18. Ne4 Qe7 19. Qf4 f5 20. Nc3 e5 21.
Qh6 Qg7 22. Qg5 Nd4 23. Nd5 Rac8 24. Nf6+ Kh8 25. Nxe8 Rxe8 26. Rd2 Bc6 27. Rf2
Qf7 28. Kb1 a5 29. h4 Ne6 30. Qh6 Nf4 31. Bf1 a4 32. h5 Nxh5 33. Rxh5 gxh5 34.
Qxd6 Qe6 35. Qc7 Bd5 36. c4 Ba8 37. Be2 Qg6 38. Kc2 h4 39. Bf1 Qc6 40. Qf7 Qe6
41. Qh5 e4 42. fxe4 fxe4 43. Rf7 h6 44. d4 cxd4 45. Kb1 Rg8 46. b3 Qd6 47. Qxh4
d3 48. Rf6 Qxf6 49. Qxf6+ Kh7 50. Bh3 Rg1+ 51. Kb2 d2 52. Bf5+ Kg8 53. Qxh6
Rb1+ 54. Ka3 d1=Q 55. Be6# 1-0

[Event "XXVIII Memorial Edoardo Crespi B"]
[Site "Milano ITA"]
[Date "2007.12.07"]
[Round "2"]
[White "Marcangeli, Alessandro"]
[Black "Donadi, Luca"]
[Result "0-1"]
[WhiteElo "1712"]
[BlackElo "1754"]
[PlyCount "82"]
[EventDate "2007.12.06"]

1. d4 Nf6 2. Nf3 g6 3. Bf4 Bg7 4. h3 O-O 5. e3 d6 6. c3 c5 7. Be2 Bf5 8. O-O
Nbd7 9. Nbd2 Rc8 10. Nh4 Be4 11. Nxe4 Nxe4 12. Nf3 Ndf6 13. Bd3 c4 14. Bxe4
Nxe4 15. Nd2 Nxd2 16. Qxd2 e5 17. Bh2 Re8 18. Rfd1 e4 19. Qe2 d5 20. Re1 Re6
21. a3 Qe7 22. Rab1 a6 23. Kh1 Bh6 24. Bg3 f5 25. Be5 Rf8 26. f4 exf3 27. Qxf3
Qd7 28. g3 Bg7 29. Bxg7 Kxg7 30. Re2 Re4 31. Kg2 Rf6 32. h4 Qd6 33. Rh1 h6 34.
Rhe1 Rg4 35. Kh3 Re6 36. Rg1 Ree4 37. Rf1 Qf6 38. Qf2 h5 39. Ree1 Qe6 40. Qf3
f4 41. Kh2 Rxg3 0-1

[Event "XXVIII Memorial Edoardo Crespi B"]
[Site "Milano ITA"]
[Date "2007.12.07"]
[Round "2"]
[White "Marino, Marco"]
[Black "Di Chiara, Mauro"]
[Result "0-1"]
[WhiteElo "1858"]
[BlackElo "1747"]
[PlyCount "88"]
[EventDate "2007.12.06"]

1. e4 c5 2. Nf3 Nc6 3. Bb5 Qb6 4. Bxc6 Qxc6 5. d3 d6 6. a3 g6 7. Bd2 Bg7 8. Bc3
e5 9. a4 Ne7 10. Nbd2 O-O 11. O-O f5 12. b4 cxb4 13. Bxb4 a5 14. Ba3 Rd8 15.
Qb1 h6 16. Qb3+ Kf8 17. exf5 gxf5 18. Rae1 Ra6 19. Nc4 Be6 20. Nxa5 Bxb3 21.
Nxc6 Rxc6 22. cxb3 Rc3 23. Nd2 Rxd3 24. Nc4 e4 25. Rb1 Kf7 26. Rfd1 Rxd1+ 27.
Rxd1 d5 28. Ne3 Bf8 29. Bxe7 Bxe7 30. Rxd5 Rxd5 31. Nxd5 Bd6 32. g3 Ke6 33. Ne3
f4 34. gxf4 Bxf4 35. Kf1 Ke5 36. Ke2 Kd4 37. h4 Bxe3 38. fxe3+ Kc3 39. Kf2 Kxb3
40. Kg3 Kxa4 41. Kf4 b5 42. Kxe4 b4 43. Kd3 Ka3 44. Kc2 Ka2 0-1

[Event "XXVIII Memorial Edoardo Crespi B"]
[Site "Milano ITA"]
[Date "2007.12.07"]
[Round "2"]
[White "Melino, Gianluca"]
[Black "Cetta, Andrea"]
[Result "1/2-1/2"]
[WhiteElo "1819"]
[BlackElo "1727"]
[PlyCount "94"]
[EventDate "2007.12.06"]

1. d4 Nf6 2. Bg5 Ne4 3. Bf4 c5 4. f3 Qa5+ 5. c3 Nf6 6. d5 d6 7. e4 g6 8. Nd2 b5
9. Nb3 Qb6 10. Qc2 Bg7 11. Ne2 O-O 12. Ng3 Nbd7 13. Nd2 a5 14. Be3 a4 15. a3
Qa5 16. Be2 Ba6 17. O-O Rfc8 18. Rfe1 Nb6 19. Rab1 b4 20. Bxa6 Qxa6 21. c4 b3
22. Qd3 Nfd7 23. f4 Nf8 24. Rec1 Rd8 25. Ngf1 e6 26. Qe2 exd5 27. exd5 Nxd5 28.
Qf3 Nxe3 29. Nxe3 Bd4 30. Re1 Re8 31. Kh1 Bxe3 32. Rxe3 Rxe3 33. Qxe3 Qc6 34.
Re1 Ne6 35. Qe4 Qxe4 36. Rxe4 Rd8 37. g3 d5 38. cxd5 Rxd5 39. Nc4 Rd4 40. Rxd4
cxd4 41. Kg2 Kf8 42. Kf3 f5 43. Ke2 Nc5 44. Ne5 Ke8 45. Nc6 d3+ 46. Kd2 Kd7 47.
Ne5+ Kd6 1/2-1/2

[Event "XXVIII Memorial Edoardo Crespi B"]
[Site "Milano ITA"]
[Date "2007.12.07"]
[Round "2"]
[White "Olivo, Mario"]
[Black "Pohossov, Eduard"]
[Result "0-1"]
[WhiteElo "1887"]
[BlackElo "1464"]
[PlyCount "54"]
[EventDate "2007.12.06"]

1. c4 e5 2. Nc3 Nf6 3. g3 Be7 4. Bg2 O-O 5. e3 d6 6. Nge2 Nc6 7. a3 Ne8 8. Nd5
f5 9. O-O Be6 10. Nec3 Bg5 11. d3 Ne7 12. h4 Bxh4 13. gxh4 Ng6 14. h5 Nh4 15.
f4 c6 16. Nb4 Nf6 17. Bf3 Ng4 18. Qe1 Kh8 19. b3 Rg8 20. Ne2 g5 21. hxg6 Rxg6
22. Ng3 Nxf3+ 23. Rxf3 Qh4 24. Qe2 Rag8 25. Ra2 Nf6 26. Kf1 Qh1+ 27. Kf2 Ng4#
0-1

[Event "XXVIII Memorial Edoardo Crespi B"]
[Site "Milano ITA"]
[Date "2007.12.07"]
[Round "2"]
[White "Silari, Andrea"]
[Black "Cantu', Guido"]
[Result "1/2-1/2"]
[WhiteElo "1721"]
[BlackElo "1887"]
[PlyCount "73"]
[EventDate "2007.12.06"]

1. e4 c5 2. Nf3 d6 3. Bb5+ Bd7 4. Bxd7+ Nxd7 5. c4 Ngf6 6. Nc3 g6 7. O-O Bg7 8.
d3 O-O 9. h3 a6 10. Bg5 Rb8 11. Qd2 b5 12. cxb5 axb5 13. a3 Qb6 14. Bh6 b4 15.
Na4 Qb5 16. Bxg7 Kxg7 17. b3 bxa3 18. Rxa3 Nb6 19. Nxb6 Rxb6 20. e5 Nd5 21.
exd6 exd6 22. d4 Re8 23. dxc5 Qxc5 24. Ra5 Rb5 25. Rxb5 Qxb5 26. Rd1 Nf6 27.
Qxd6 Qxb3 28. Qd4 Re7 29. Rd3 Qb1+ 30. Rd1 Qb3 31. Rd3 Qb5 32. Qc3 Qb1+ 33. Kh2
Qb8+ 34. Kh1 Rc7 35. Qe5 Qb1+ 36. Kh2 Qxd3 37. Qxc7 1/2-1/2

[Event "XXVIII Memorial Edoardo Crespi B"]
[Site "Milano ITA"]
[Date "2007.12.07"]
[Round "2"]
[White "Squarci, Franco"]
[Black "Gandolfi, Gianfranco"]
[Result "1/2-1/2"]
[WhiteElo "1831"]
[BlackElo "1856"]
[PlyCount "76"]
[EventDate "2007.12.06"]

1. Nf3 f5 2. c4 Nf6 3. g3 d6 4. Bg2 e5 5. d3 Nc6 6. Nc3 Be7 7. O-O O-O 8. Bg5
Nd4 9. Nxd4 exd4 10. Nb5 c5 11. a4 a6 12. Na3 Nd7 13. Bxe7 Qxe7 14. Qd2 Ne5 15.
Nc2 Rb8 16. b4 b6 17. b5 a5 18. e3 dxe3 19. Nxe3 Bb7 20. f4 Bxg2 21. Kxg2 Qb7+
22. Nd5 Ng4 23. Kg1 Rbe8 24. Rae1 Nf6 25. Rxe8 Rxe8 26. Nxf6+ gxf6 27. Kf2 Kf7
28. Re1 Rxe1 29. Qxe1 d5 30. Qe2 Qd7 31. Kg2 dxc4 32. dxc4 Kg6 33. h3 h6 34. h4
h5 35. Qe3 Qb7+ 36. Kf2 Qe4 37. Qe2 Qxe2+ 38. Kxe2 Kf7 1/2-1/2

[Event "XXVIII Memorial Edoardo Crespi B"]
[Site "Milano ITA"]
[Date "2007.12.07"]
[Round "2"]
[White "Villalba, Fernando"]
[Black "Crippa, Oscar"]
[Result "1-0"]
[WhiteElo "1891"]
[BlackElo "1727"]
[PlyCount "73"]
[EventDate "2007.12.06"]

1. d4 d5 2. Nf3 c6 3. Bf4 Nf6 4. h3 Bf5 5. e3 e6 6. Nbd2 Bd6 7. Ne5 Qc7 8. Be2
Nfd7 9. Ndf3 O-O 10. O-O f6 11. Nxd7 Nxd7 12. Bxd6 Qxd6 13. c4 Rab8 14. Nh4 Bg6
15. Nxg6 hxg6 16. c5 Qe7 17. Qc2 f5 18. b4 Qg5 19. b5 Nf6 20. Bd3 Kf7 21. f4
Qh4 22. Qf2 Qxf2+ 23. Rxf2 Rfc8 24. Rb2 b6 25. bxc6 Rxc6 26. Rab1 Ne4 27. Bxe4
fxe4 28. a4 Rbc8 29. cxb6 axb6 30. Rxb6 Rc3 31. R6b3 R3c4 32. Rb7+ Kf6 33. Ra7
Rc3 34. Rbb7 Rf8 35. g4 g5 36. fxg5+ Kxg5 37. Rxg7+ 1-0

[Event "XXVIII Memorial Edoardo Crespi B"]
[Site "Milano ITA"]
[Date "2007.12.07"]
[Round "2"]
[White "Weiss, Nicolo'"]
[Black "Di Paola, Antonio"]
[Result "1/2-1/2"]
[WhiteElo "1536"]
[BlackElo "1806"]
[PlyCount "75"]
[EventDate "2007.12.06"]

1. d4 Nf6 2. c4 e6 3. Nc3 Bb4 4. Nf3 c5 5. a3 Bxc3+ 6. bxc3 O-O 7. Bg5 h6 8.
Bh4 g5 9. Bg3 d6 10. e3 Ne4 11. Qb3 Nd7 12. Bd3 Ndf6 13. O-O b6 14. d5 e5 15.
Qc2 Bf5 16. Ne1 Qd7 17. h3 Nxg3 18. fxg3 e4 19. Qf2 exd3 20. Qxf5 Qxf5 21. Rxf5
d2 22. Rxf6 dxe1=Q+ 23. Rxe1 Rad8 24. Rxh6 Kg7 25. Rh5 Kg6 26. g4 f5 27. h4
gxh4 28. Rxh4 Kg5 29. Rh7 fxg4 30. Rxa7 Rb8 31. Re7 Rf6 32. e4 Ra8 33. Ra1 Ra4
34. Rg7+ Rg6 35. Re7 Rxc4 36. Rc1 Ra4 37. Ra1 b5 38. e5 1/2-1/2

[Event "XXVIII Memorial Edoardo Crespi B"]
[Site "Milano ITA"]
[Date "2007.12.07"]
[Round "3"]
[White "Acunzo, Domenico"]
[Black "Alidosi, Marco"]
[Result "1-0"]
[WhiteElo "1775"]
[BlackElo "1512"]
[PlyCount "95"]
[EventDate "2007.12.06"]

1. e4 c5 2. Nf3 e6 3. d4 cxd4 4. Nxd4 Nc6 5. Nc3 a6 6. Be3 Qc7 7. Be2 b5 8.
Nxc6 Qxc6 9. a3 Bb7 10. f4 Rc8 11. O-O Nh6 12. Bf3 Qc7 13. Qe1 b4 14. axb4 Bxb4
15. Bd2 O-O 16. f5 exf5 17. Bxh6 Bxc3 18. bxc3 gxh6 19. exf5 Qb6+ 20. Kh1 Bxf3
21. Rxf3 Qf6 22. Qd2 Rfd8 23. Raf1 Kh8 24. Rh3 Rc6 25. Rff3 d5 26. g4 d4 27.
Rd3 Rcd6 28. cxd4 Rxd4 29. Qc3 Kg7 30. Rhg3 Rxd3 31. Rxd3 Qxc3 32. Rxc3 Rd6 33.
Kg2 Kf6 34. Kg3 h5 35. h3 hxg4 36. hxg4 h6 37. Kh4 Kg7 38. Kh5 Rd2 39. Kh4 Rd6
40. g5 hxg5+ 41. Kxg5 Rb6 42. Rc5 f6+ 43. Kh5 Rb7 44. c4 Ra7 45. Ra5 Kh7 46. c5
Kg7 47. c6 Kh7 48. Rd5 1-0

[Event "XXVIII Memorial Edoardo Crespi B"]
[Site "Milano ITA"]
[Date "2007.12.07"]
[Round "3"]
[White "Albrizio, Mauro"]
[Black "Marino, Marco"]
[Result "1/2-1/2"]
[WhiteElo "1692"]
[BlackElo "1858"]
[PlyCount "38"]
[EventDate "2007.12.06"]

1. e4 c5 2. Nf3 e6 3. d4 cxd4 4. Nxd4 a6 5. Be2 Qc7 6. O-O Nf6 7. Nc3 Bb4 8.
Bg5 Bxc3 9. Bxf6 gxf6 10. bxc3 Qxc3 11. Re1 Nc6 12. Nxc6 Qxc6 13. f4 Qc5+ 14.
Kh1 O-O 15. Bd3 f5 16. exf5 f6 17. Qg4+ Kh8 18. fxe6 dxe6 19. Qh3 Qc7 1/2-1/2

[Event "XXVIII Memorial Edoardo Crespi B"]
[Site "Milano ITA"]
[Date "2007.12.07"]
[Round "3"]
[White "Bondi', Fabio"]
[Black "Guerra, Efrain"]
[Result "1-0"]
[WhiteElo "1820"]
[BlackElo "1900"]
[PlyCount "119"]
[EventDate "2007.12.06"]

1. d4 Nf6 2. Bf4 d5 3. e3 g6 4. h3 Bg7 5. Nf3 O-O 6. Be2 c5 7. c3 cxd4 8. cxd4
Nc6 9. Nc3 Bf5 10. O-O Be4 11. Rc1 Bxf3 12. Bxf3 Qd7 13. Qe2 a6 14. Rfd1 b5 15.
a3 Rac8 16. b4 e6 17. Qb2 Qe7 18. Qb3 Nd7 19. Ne2 Nb6 20. e4 dxe4 21. Bxe4 Nc4
22. Bf3 e5 23. dxe5 N6xe5 24. Bxe5 Bxe5 25. Re1 Qf6 26. Rcd1 Rcd8 27. Ng3 Bd4
28. Qa2 Ne5 29. Be4 h5 30. Bb1 Nc4 31. Ne4 Qf4 32. Rd3 Ne5 33. Rg3 h4 34. Rb3
Kg7 35. Qe2 f5 36. Nc5 Rfe8 37. Qf1 Ng4 38. hxg4 Bxf2+ 39. Qxf2 Qxf2+ 40. Kxf2
Rd2+ 41. Kf1 Rxe1+ 42. Kxe1 Rxg2 43. gxf5 g5 44. Kf1 Rd2 45. Ne4 Rd1+ 46. Kg2
g4 47. f6+ Kf7 48. Rb2 Rd4 49. Rd2 Rxd2+ 50. Nxd2 Kxf6 51. Ne4+ Ke5 52. Nc5 Kf4
53. Be4 Ke3 54. Bb7 Kd4 55. Bxa6 Kc4 56. Bc8 g3 57. Bb7 Kc3 58. Kh3 Kb2 59.
Kxh4 Kxa3 60. Na6 1-0

[Event "XXVIII Memorial Edoardo Crespi B"]
[Site "Milano ITA"]
[Date "2007.12.07"]
[Round "3"]
[White "Cani, Gazmir"]
[Black "D'Aulisa, Francesco"]
[Result "1-0"]
[WhiteElo "1719"]
[BlackElo "1852"]
[PlyCount "115"]
[EventDate "2007.12.06"]

1. e4 d6 2. d4 e6 3. Nc3 a6 4. f4 g6 5. Nf3 Nd7 6. Bd3 Ne7 7. O-O Bg7 8. Ne2 b6
9. Ng3 Nc6 10. c3 e5 11. d5 Ne7 12. fxe5 Nxe5 13. Nxe5 Bxe5 14. Bg5 O-O 15. Bh6
Bg7 16. Bxg7 Kxg7 17. Rf2 Bd7 18. Qe2 Qc8 19. Raf1 f6 20. c4 Ng8 21. b3 Nh6 22.
h3 Qe8 23. Qb2 Qe5 24. Qxe5 fxe5 25. Rxf8 Rxf8 26. Rxf8 Kxf8 27. Ne2 Nf7 28.
Nc3 Ng5 29. b4 Ke7 30. c5 bxc5 31. bxc5 dxc5 32. Bxa6 c6 33. h4 Nf7 34. Bb7
cxd5 35. Bxd5 Nd8 36. a4 Bc6 37. Bg8 h6 38. Kf2 Nb7 39. Ke3 Na5 40. g4 g5 41.
hxg5 hxg5 42. Bd5 c4 43. Bxc6 Nxc6 44. Nd5+ Kd6 45. Kd2 Kc5 46. Kc3 Na5 47. Ne3
Nb7 48. Nxc4 Nd8 49. Nxe5 Ne6 50. Nd3+ Kb6 51. Kb4 Nd4 52. a5+ Ka7 53. Kc4 Ne2
54. Nf2 Ka6 55. e5 Kxa5 56. e6 Ng3 57. Kd5 Kb5 58. e7 1-0

[Event "XXVIII Memorial Edoardo Crespi B"]
[Site "Milano ITA"]
[Date "2007.12.07"]
[Round "3"]
[White "Cantu', Guido"]
[Black "Casadio, Alviero"]
[Result "1/2-1/2"]
[WhiteElo "1887"]
[BlackElo "1787"]
[PlyCount "44"]
[EventDate "2007.12.06"]

1. e4 c6 2. d4 d5 3. exd5 cxd5 4. c4 Nf6 5. Nc3 e6 6. Nf3 Be7 7. Bd3 dxc4 8.
Bxc4 O-O 9. O-O Nc6 10. Re1 Re8 11. Bg5 b6 12. d5 Nxd5 13. Nxd5 Bxg5 14. Nxg5
Qxg5 15. Nc7 Rd8 16. Qf3 Rb8 17. Nxe6 Bxe6 18. Bxe6 Ne5 19. Qf5 Qxf5 20. Bxf5
Nd3 21. Bxd3 Rxd3 22. Rad1 Rbd8 1/2-1/2

[Event "XXVIII Memorial Edoardo Crespi B"]
[Site "Milano ITA"]
[Date "2007.12.07"]
[Round "3"]
[White "Casale, Anania"]
[Black "Olivo, Mario"]
[Result "1-0"]
[WhiteElo "1711"]
[BlackElo "1887"]
[PlyCount "105"]
[EventDate "2007.12.06"]

1. d4 Nf6 2. c4 d6 3. Nc3 Nbd7 4. e4 e5 5. d5 Nc5 6. f3 a5 7. Be3 b6 8. Nge2
Bd7 9. Nc1 a4 10. Nd3 Nxd3+ 11. Bxd3 Be7 12. Rc1 O-O 13. O-O Nh5 14. Nb5 Nf4
15. Rc3 Bxb5 16. cxb5 Nxd3 17. Qxd3 Qd7 18. Rfc1 Rfc8 19. Rc6 Bd8 20. Qc4 Rcb8
21. Rc3 Ra7 22. Qe2 Ra5 23. R3c4 Rba8 24. Rc3 h6 25. a3 Qe7 26. Bd2 Qd7 27. Rc1
R5a7 28. Bb4 Kh7 29. R1c4 Kg8 30. Qc2 g6 31. Bc3 Qe7 32. f4 exf4 33. e5 dxe5
34. Re4 Kh7 35. Rxe5 Qf8 36. Qe4 Bg5 37. Qf3 Re8 38. Bb4 Qg8 39. Rxg5 hxg5 40.
Qh3+ Kg7 41. Bc3+ Kf8 42. Qh6+ Ke7 43. Qxg5+ Kd7 44. Qxf4 f5 45. d6 Re4 46. Qd2
Kc8 47. d7+ Kd8 48. Bf6+ Re7 49. Bxe7+ Kxe7 50. Rxg6 Qd8 51. Rg7+ Kf8 52. Qg5
Qxg5 53. Rxg5 1-0

[Event "XXVIII Memorial Edoardo Crespi B"]
[Site "Milano ITA"]
[Date "2007.12.07"]
[Round "3"]
[White "Centofante, Maria Rosa"]
[Black "Marcangeli, Alessandro"]
[Result "1/2-1/2"]
[WhiteElo "1544"]
[BlackElo "1712"]
[PlyCount "58"]
[EventDate "2007.12.06"]

1. d4 Nf6 2. c4 g6 3. Nf3 Bg7 4. Nc3 d5 5. cxd5 Nxd5 6. e4 Nxc3 7. bxc3 O-O 8.
Be2 c5 9. Be3 Nc6 10. O-O cxd4 11. cxd4 Bg4 12. Rb1 Bxf3 13. Bxf3 Nxd4 14. Rxb7
Nxf3+ 15. Qxf3 Qd6 16. Rd1 Qf6 17. Qe2 Rfd8 18. h3 Rxd1+ 19. Qxd1 a6 20. Qb3 h5
21. f4 e6 22. e5 Qd8 23. Bb6 Qd2 24. Be3 Qe1+ 25. Kh2 h4 26. Bc5 Rd8 27. Be7
Rc8 28. Rb8 Rxb8 29. Qxb8+ Kh7 1/2-1/2